000 00779nam a2200217Ii 4500
003 JO-AjNU
008 230605s9999||||xx |||||||||||||| ||und||
017 _a2006/19/1
020 _a9957-426-02-8
040 _aJO-AjNU
_bara
_erda
_cJO-AjNU
041 _aara
050 1 4 _aBP176.I6322 2006
100 3 _aالطل، محمد حماد,
_eauthor
_920125
245 0 0 _aعبادات الأمم المسلمة السابقة في القرآن والأحاديث
264 3 1 _aعمان: المعهد الملكي للدراسات الدينية، 2006
300 _a221ص
336 _atext
_btxt
_2rdacontent
337 _aunmediated
_bn
_2rdamedia
338 _avolume
_bnc
_2rdacarrier
650 4 _aالعبادات في الحديث- العبادات في القرآن
_920126
999 _aA6767
_c10335
_d10335